00890nam a2200241 a 450000100100000000500170001000800410002704000250006808200180009310000570011124500530016826000350022130000270025649000550028350000320033865000280037065000310039883000640042991000070049304900090050095201220050999900170063100002531220200930023712.0110214s1966 sp 001 f spa d aDO-SdBNPbspacBNPHU a863.5bP226sa1 aPardo Bazán, Emilia,ccondesa de,d1852-19219345913aEl saludo de las brujas /cEmilia Pardo Bazán. aMadrid :bEspasa-Calpe,c1966. a213, [18] p. ;c18 cm.1 aAustral. Azul : novelas y cuentos en generalv1368 aIncluye índice de autores 4aNovela española91123 4aLiteratura española9632 0aAustral. Azul : novelas y cuentos en general ;v1368922386 aWM aBNGR 001054708MOaGRbGRcHDd2011-02-14iLF1l0o863.5 P226sap25312-10r2020-06-25w2020-06-25y4ZPréstamo en sala c24805d24805